banner-ar

SKIN DISEASE IN OLD AGE / (Record no. 7435)

MARC details
000 -الفاتح
حقل البيانات ثابتة الطول 00491nam a2200193Ia 4500
008 - عناصر البيانات ثابتة الطول - معلومات عامة
حقل البيانات ثابتة الطول 140319s9999 xx 000 0 eng d
020 ## - الرقم الدولى المعيارى للكتب
الرقم الدولى المعيارى للكتاب 1853172278
040 ## - مصدر الفهرسة
وكالة الفهرسة الأصلية GCL /
وكالة النسخ GCL
082 04 - رقم تصنيف ديوى العشرى
رقم التصنيف 616.5
رقم المادة M S
100 1# - المدخل الرئيسى - إسم شخصى
الإسم الشخصى MARKS, RONALD
245 10 - بيان العنوان
العنوان SKIN DISEASE IN OLD AGE /
بيان المسئوليه,etc MARKS, RONALD
260 ## - PUBLICATION, DISTRIBUTION, ETC. (IMPRINT)
تاريخ النشر أو التوزيع 1999
300 ## - الوصف المادى
التعداد 32 CM ؛
أبعاد الوعاء 283 P
650 04 - المدخل الاضافى بالموضوع-مصطلح موضوعى
مصطلح موضوعي DERMATOLOGY
650 04 - المدخل الاضافى بالموضوع-مصطلح موضوعى
مصطلح موضوعي SKIN DISEASES
650 04 - المدخل الاضافى بالموضوع-مصطلح موضوعى
مصطلح موضوعي SKIN
942 ## - عناصر المدخل الإضافي( كوها)
مصدر التصنيف او مخطط الترفيف Dewey Decimal Classification
Koha [default] item type كتاب
260 ## - PUBLICATION, DISTRIBUTION, ETC. (IMPRINT)
-- انجلترا :
-- MARTIN DUNITZ LTD ،
Holdings
حالة التراجع حالة الفقد حالة تلف ليس للاعارة المكان المؤقت الموقع الحالى تاريخ الاكتساب اجمالي اﻻعارات رقم الطلب الباركود تاريخ اخر مشاهدة تاريخ تفعيل السعر نوع وعاء كوها
        مكتبة القاهرة الكبرى مكتبة القاهرة الكبرى 03/26/2014   616.5\M S 15348 03/26/2014 03/26/2014 كتاب

Powered By

EGPV